书目信息 |
| 题名: |
形势与政策核心预测
|
|
| 作者: | 肖秀荣 主编 | |
| 分册: | ||
| 出版信息: | 北京 北京理工大学出版社 2006.10 |
|
| 页数: | 184页 | |
| 开本: | 21cm | |
| 丛书名: | 2007考研白皮书系 | |
| 单 册: | ||
| 中图分类: | G641.41 | |
| 科图分类: | ||
| 主题词: | 时事政策教育--shi shi zheng ce jiao yu--研究生--入学考试--升学参考资料 | |
| 电子资源: | ||
| ISBN: | 978-7-5640-0900-7 | |
| 000 | 00985nam 2200265 450 | |
| 001 | 012008289366 | |
| 005 | 20080122160915.34 | |
| 010 | @a978-7-5640-0900-7@dCNY10.00 | |
| 100 | @a20080122d2006 em y0chiy0120 ea | |
| 101 | 0 | @achi |
| 102 | @aCN@b110000 | |
| 105 | @ay z 000yy | |
| 106 | @ar | |
| 200 | 1 | @a形势与政策核心预测@Axing shi yu zheng ce he xin yu ce@f肖秀荣主编@Fxiao xiu rong zhu bian |
| 210 | @a北京@c北京理工大学出版社@d2006.10 | |
| 215 | @a184页@d21cm | |
| 225 | 2 | @a2007考研白皮书系@A2007 kao yan bai pi shu xi |
| 300 | @a知识树考研 全国硕士研究生入学统一考试 | |
| 330 | @a本书分为四大部分:命题规律及复习建议、国内外重大事件考点追踪、2005年11月至2006年10月国内国际重大时事索引及核心预测题。 | |
| 410 | 0 | @12001 @a2007考研白皮书系 |
| 606 | 0 | @a时事政策教育@Ashi shi zheng ce jiao yu@x研究生@x入学考试@j升学参考资料 |
| 690 | @aG641.41@v4 | |
| 701 | 0 | @a肖秀荣@Axiao xiu rong@4主编 |
| 801 | 0 | @aCN@bQSSK@c20080122 |
| 905 | @b279725-34@dG641.41@eX296@f10 | |
| 形势与政策核心预测/肖秀荣主编.-北京:北京理工大学出版社,2006.10 |
| 184页;21cm.-(2007考研白皮书系) |
| 知识树考研 全国硕士研究生入学统一考试 |
| ISBN 978-7-5640-0900-7:CNY10.00 |
| 本书分为四大部分:命题规律及复习建议、国内外重大事件考点追踪、2005年11月至2006年10月国内国际重大时事索引及核心预测题。 |
| ● |
| 相关链接 |
|
|
|
正题名:形势与政策核心预测
索取号:G641.41/X296
 
预约/预借
| 序号 | 登录号 | 条形码 | 馆藏地/架位号 | 状态 | 备注 |
| 1 | 279725 | 202797250 | 社科库409/409社科库 10排3列4层/ [索取号:G641.41/X296] | 在馆 | |
| 2 | 279726 | 202797269 | 社科库409/ [索取号:G641.41/X296] | 在馆 | |
| 3 | 279727 | 202797278 | 社科库409/422社科库 51排5列2层/ [索取号:G641.41/X296] | 在馆 | |
| 4 | 279728 | 202797287 | 社科二线422/422社科库 32排4列1层/ [索取号:G641.41/X296] | 在馆 | |
| 5 | 279729 | 202797296 | 社科库409/409社科库 10排3列4层/ [索取号:G641.41/X296] | 在馆 | |
| 6 | 279730 | 202797303 | 社科二线422/422社科库 32排4列1层/ [索取号:G641.41/X296] | 在馆 | |
| 7 | 279731 | 202797312 | 社科库409/422社科库 51排5列3层/ [索取号:G641.41/X296] | 在馆 | |
| 8 | 279732 | 202797321 | 社科库409/422社科库 51排5列2层/ [索取号:G641.41/X296] | 在馆 | |
| 9 | 279733 | 202797330 | 社科库409/422社科库 51排5列2层/ [索取号:G641.41/X296] | 在馆 | |
| 10 | 279734 | 202797349 | 社科库409/422社科库 51排5列2层/ [索取号:G641.41/X296] | 在馆 |